[Event "Valencia tch - Division de Honor"]
[Site "Comunidad Valenciana"]
[Date "2009.02.07"]
[Round "5.2"]
[White "Roca Galarza, Jose"]
[Black "Ortiz Suarez, Isam"]
[Result "0-1"]
[WhiteElo "2320"]
[BlackElo "2522"]
[PlyCount "64"]
[EventDate "2009.01.10"]
[EventType "team"]
[EventRounds "9"]
[EventCountry "ESP"]
[Source "lmi"]
[SourceDate "2009.01.10"]
[WhiteTeam "C.M. Castellon"]
[BlackTeam "Silla"]

1. Nf3 c5 2. c4 Nc6 3. d4 cxd4 4. Nxd4 e6 5. g3 Qb6 6. Nc2 Ne5 7. b3 Qc6 8. f3
h5 9. Bg2 h4 10. O-O hxg3 11. hxg3 Qc7 12. e4 Nf6 13. Be3 Nxc4 14. bxc4 Qxg3
15. c5 b6 16. Nc3 Ba6 17. Ne2 Qh2+ 18. Kf2 Qh4+ 19. Kg1 bxc5 20. Qe1 Bxe2 21.
Qxe2 Bd6 22. Rfd1 Be5 23. Ne1 Qh2+ 24. Kf1 Bxa1 25. Rxa1 Nh5 26. Qb5 Ng3+ 27.
Kf2 Qh4 28. Kg1 Rh5 29. Rd1 Rd8 30. a4 f5 31. Rd6 Qh2+ 32. Kf2 Nh1+ 0-1

[Event "Valencia tch - Division de Honor"]
[Site "Comunidad Valenciana"]
[Date "2009.02.07"]
[Round "5.3"]
[White "Valmaña Canto, Jaime"]
[Black "Varley, Peter"]
[Result "1-0"]
[WhiteElo "2343"]
[BlackElo "2259"]
[PlyCount "53"]
[EventDate "2009.01.10"]
[EventType "team"]
[EventRounds "9"]
[EventCountry "ESP"]
[Source "lmi"]
[SourceDate "2009.01.10"]
[WhiteTeam "Silla"]
[BlackTeam "C.M. Castellon"]

1. e4 c6 2. d4 d5 3. e5 h5 4. Bd3 Bg4 5. f3 Be6 6. Ne2 Qd7 7. Nf4 Bf5 8. O-O g6
9. Bxf5 Qxf5 10. e6 Bh6 11. exf7+ Qxf7 12. Nd3 Nd7 13. Re1 O-O-O 14. Nd2 Re8
15. Nb3 Bxc1 16. Qxc1 Nh6 17. Qd2 Nf5 18. Qa5 Kb8 19. Qb4 Qf6 20. Ne5 Nxe5 21.
Nc5 b6 22. Rxe5 Qh4 23. c3 Qf4 24. Rae1 Nh4 25. Na6+ Kb7 26. Qa4 Rh7 27. Nb4
1-0

[Event "Valencia tch - Division de Honor"]
[Site "Comunidad Valenciana"]
[Date "2009.02.07"]
[Round "5.4"]
[White "Jordan Martinez, David"]
[Black "Salgado Allaria, Carlos"]
[Result "0-1"]
[WhiteElo "2130"]
[BlackElo "2366"]
[PlyCount "52"]
[EventDate "2009.01.10"]
[EventType "team"]
[EventRounds "9"]
[EventCountry "ESP"]
[Source "lmi"]
[SourceDate "2009.01.10"]
[WhiteTeam "C.M. Castellon"]
[BlackTeam "Silla"]

1. e4 c5 2. Nf3 e6 3. c3 Nf6 4. e5 Nd5 5. d4 cxd4 6. cxd4 b6 7. Nc3 Nxc3 8.
bxc3 Qc7 9. Bd2 Be7 10. Bd3 Ba6 11. Bxa6 Nxa6 12. Qe2 Nb8 13. O-O d6 14. Rfe1
O-O 15. exd6 Bxd6 16. Qe4 Nd7 17. a4 Rac8 18. Reb1 Qc4 19. Qc2 Rfd8 20. Qb2 a6
21. h3 e5 22. dxe5 Nxe5 23. Nd4 Qd3 24. Qc2 Qxd4 25. cxd4 Rxc2 26. dxe5 Bxe5
0-1

[Event "Valencia tch - Division de Honor"]
[Site "Comunidad Valenciana"]
[Date "2009.02.07"]
[Round "5.5"]
[White "Carbonell Bofill, Carlos Eloy"]
[Black "Jordan Martinez, Miguel"]
[Result "0-1"]
[WhiteElo "2250"]
[BlackElo "2051"]
[PlyCount "86"]
[EventDate "2009.01.10"]
[EventType "team"]
[EventRounds "9"]
[EventCountry "ESP"]
[Source "lmi"]
[SourceDate "2009.01.10"]
[WhiteTeam "Silla"]
[BlackTeam "C.M. Castellon"]

1. Nf3 Nf6 2. d4 g6 3. g3 Bg7 4. Bg2 O-O 5. O-O d5 6. c4 c6 7. Nc3 e6 8. Re1
Nbd7 9. a4 Nb6 10. c5 Nc4 11. b3 Na5 12. b4 Nc4 13. e4 Nxe4 14. Nxe4 dxe4 15.
Rxe4 e5 16. Bg5 f6 17. Bf1 b5 18. cxb6 Nxb6 19. Qb3+ Qd5 20. Qe3 Bf5 21. Rxe5
fxe5 22. Nxe5 Bxe5 23. dxe5 Nc4 24. Qe2 Nxe5 25. Bg2 Qe6 26. Bh6 Rfe8 27. Qb2
Re7 28. Bg5 Rd7 29. b5 Rb8 30. Bf4 Nd3 31. Qd2 Nxf4 32. Qxf4 Rbd8 33. h4 cxb5
34. axb5 Rd1+ 35. Rxd1 Rxd1+ 36. Kh2 Qe1 37. Qb8+ Kg7 38. Qxa7+ Bd7 39. f3 Rd2
40. b6 Qf2 41. Qa1+ Kh6 42. Qh1 Qxf3 43. h5 Qf2 0-1

[Event "Valencia tch - Division de Honor"]
[Site "Comunidad Valenciana"]
[Date "2009.02.07"]
[Round "5.6"]
[White "Roig Aguilar, Alejandro"]
[Black "Calvo Alfonso, Vicente"]
[Result "1-0"]
[WhiteElo "2096"]
[BlackElo "2202"]
[PlyCount "99"]
[EventDate "2009.01.10"]
[EventType "team"]
[EventRounds "9"]
[EventCountry "ESP"]
[Source "lmi"]
[SourceDate "2009.01.10"]
[WhiteTeam "C.M. Castellon"]
[BlackTeam "Silla"]

1. d4 c5 2. d5 e5 3. c4 d6 4. e4 Be7 5. Bd3 Bg5 6. Nc3 Bxc1 7. Qxc1 Ne7 8. Nge2
O-O 9. O-O a6 10. a3 Nd7 11. b4 b6 12. Rb1 g6 13. Qd2 Ra7 14. Kh1 Kh8 15. Bc2
Ng8 16. Ba4 Ndf6 17. bxc5 bxc5 18. Rb8 Qe7 19. Bc6 Nd7 20. Rb3 f5 21. exf5 gxf5
22. f4 Ngf6 23. Ng3 Ng4 24. h3 Qh4 25. Nce2 e4 26. Kg1 Nh6 27. Bxd7 Bxd7 28.
Rb6 Nf7 29. Qc3+ Kg8 30. Rfb1 Bc8 31. a4 Re8 32. Qe3 Qh6 33. Nf1 Qf6 34. Qg3+
Kh8 35. Ne3 Rg8 36. Qf2 h5 37. Qe1 Kh7 38. Qf2 Nh6 39. a5 Rag7 40. Kf1 h4 41.
Rc6 Nf7 42. Qe1 Kh6 43. Rbb6 Rg6 44. Rxc5 Rg3 45. Nxg3 hxg3 46. Rc7 Rg7 47. c5
Qh4 48. cxd6 Qxf4+ 49. Kg1 Kh7 50. Rxc8 1-0

[Event "Valencia tch - Division de Honor"]
[Site "Comunidad Valenciana"]
[Date "2009.02.07"]
[Round "5.7"]
[White "Galvan Huaraca, Jesus"]
[Black "Mezquita Broch, Pascual"]
[Result "1-0"]
[WhiteElo "2252"]
[BlackElo "1983"]
[PlyCount "87"]
[EventDate "2009.01.10"]
[EventType "team"]
[EventRounds "9"]
[EventCountry "ESP"]
[Source "lmi"]
[SourceDate "2009.01.10"]
[WhiteTeam "Silla"]
[BlackTeam "C.M. Castellon"]

1. d4 Nf6 2. c4 g6 3. f3 Bg7 4. e4 d6 5. Nc3 O-O 6. f4 e5 7. fxe5 dxe5 8. d5
Nh5 9. Nf3 f5 10. Bg5 Qe8 11. Qd2 fxe4 12. Nxe4 Bf5 13. Bd3 Nd7 14. O-O Nf4 15.
Bc2 h6 16. Bh4 g5 17. Bf2 Qg6 18. Rae1 b6 19. Kh1 Qh5 20. Ng3 Qg4 21. h3 Nxh3
22. Bxf5 Rxf5 23. Nxf5 Qxf5 24. Nd4 exd4 25. Bxd4 Nf4 26. Bxg7 Kxg7 27. Re7+
Kg6 28. Qc3 Nf6 29. Kg1 Qg4 30. Qc2+ Kh5 31. Rf3 Re8 32. Ree3 Rxe3 33. Rxe3 Nd7
34. b4 Nf8 35. Kf1 N8g6 36. g3 Nh3 37. Qe2 Qxe2+ 38. Kxe2 Kg4 39. c5 Ng1+ 40.
Kf2 Nh3+ 41. Ke1 bxc5 42. bxc5 Kf5 43. d6 cxd6 44. cxd6 1-0

[Event "Valencia tch - Division de Honor"]
[Site "Comunidad Valenciana"]
[Date "2009.02.07"]
[Round "5.8"]
[White "Saborit Ripolles, Manuel"]
[Black "Penades Ordaz, Victor"]
[Result "1/2-1/2"]
[WhiteElo "1988"]
[BlackElo "2185"]
[PlyCount "33"]
[EventDate "2009.01.10"]
[EventType "team"]
[EventRounds "9"]
[EventCountry "ESP"]
[Source "lmi"]
[SourceDate "2009.01.10"]
[WhiteTeam "C.M. Castellon"]
[BlackTeam "Silla"]

1. e4 c5 2. Nf3 Nc6 3. d4 cxd4 4. Nxd4 g6 5. Nc3 Bg7 6. Be3 Nf6 7. Be2 O-O 8.
O-O d5 9. exd5 Nxd5 10. Nxd5 Qxd5 11. Bf3 Qd7 12. Nxc6 bxc6 13. Qxd7 Bxd7 14.
Rad1 Be6 15. b3 Rfc8 16. c4 Kf8 17. Rd2 1/2-1/2

[Event "Valencia tch - Division de Honor"]
[Site "Comunidad Valenciana"]
[Date "2009.02.07"]
[Round "5.1"]
[White "Llobel Cortell, Enrique"]
[Black "Mancebo Ibañez, Fernando"]
[Result "1-0"]
[WhiteElo "2385"]
[BlackElo "2196"]
[PlyCount "88"]
[EventDate "2009.01.10"]
[EventType "team"]
[EventRounds "9"]
[EventCountry "ESP"]
[Source "lmi"]
[SourceDate "2009.01.10"]
[WhiteTeam "Eva Manises"]
[BlackTeam "Gambito"]

1. e4 c6 2. c4 d5 3. exd5 cxd5 4. cxd5 Nf6 5. Nc3 Nxd5 6. Nf3 e6 7. d4 Bb4 8.
Bd2 Nc6 9. Bd3 O-O 10. O-O Be7 11. Be3 Nxe3 12. fxe3 Qb6 13. Na4 Qa5 14. a3 Qh5
15. Be4 e5 16. Bxc6 bxc6 17. Nxe5 Qh6 18. Qf3 Be6 19. Rac1 Bd6 20. Rxc6 Bxe5
21. dxe5 Rac8 22. Rxc8 Rxc8 23. Nc3 Bc4 24. Rd1 Qb6 25. Rd2 h6 26. Qf4 Be6 27.
Qd4 Qb7 28. h3 Qe7 29. Ne4 Kh7 30. b4 Rc4 31. Qd3 Rc1+ 32. Rd1 Rxd1+ 33. Qxd1
Qc7 34. Qd3 Bf5 35. Qc3 Qe7 36. Nd6 Be6 37. Qd4 Qg5 38. Kh2 Kg8 39. a4 h5 40.
b5 h4 41. Ne4 Qh5 42. a5 Bd7 43. Nd6 Qg6 44. Qf4 Be6 1-0

[Event "Valencia tch - Division de Honor"]
[Site "Comunidad Valenciana"]
[Date "2009.02.07"]
[Round "5.2"]
[White "Mari Sancho, Rafael"]
[Black "Aymerich Rosell, Pablo"]
[Result "1/2-1/2"]
[WhiteElo "2262"]
[BlackElo "2169"]
[PlyCount "29"]
[EventDate "2009.01.10"]
[EventType "team"]
[EventRounds "9"]
[EventCountry "ESP"]
[Source "lmi"]
[SourceDate "2009.01.10"]
[WhiteTeam "Gambito"]
[BlackTeam "Eva Manises"]

1. d4 d5 2. c4 c6 3. Nf3 Nf6 4. Nc3 a6 5. cxd5 cxd5 6. Bf4 Nc6 7. e3 Bg4 8. h3
Bxf3 9. Qxf3 e6 10. Bd3 Bd6 11. O-O Bxf4 12. Qxf4 Rc8 13. a3 Qc7 14. Qxc7 Rxc7
15. Na4 1/2-1/2

[Event "Valencia tch - Division de Honor"]
[Site "Comunidad Valenciana"]
[Date "2009.02.07"]
[Round "5.3"]
[White "Fernandez Gil, Marco Antonio"]
[Black "Navarro Lerma, Ramon"]
[Result "1-0"]
[WhiteElo "2263"]
[BlackElo "2207"]
[PlyCount "88"]
[EventDate "2009.01.10"]
[EventType "team"]
[EventRounds "9"]
[EventCountry "ESP"]
[Source "lmi"]
[SourceDate "2009.01.10"]
[WhiteTeam "Eva Manises"]
[BlackTeam "Gambito"]

1. e4 c5 2. g3 Nc6 3. Bg2 e5 4. Ne2 g6 5. O-O Bg7 6. c3 Nge7 7. Na3 O-O 8. d4
d6 9. Be3 b6 10. Nb5 Ba6 11. a4 Na5 12. Re1 Nec6 13. b3 Qe7 14. d5 Nb8 15. b4
Nb7 16. Na3 Nd8 17. b5 Bb7 18. Nc4 Nd7 19. a5 f5 20. Qd3 fxe4 21. Bxe4 Nf7 22.
Ra4 Ng5 23. Nxd6 Nh3+ 24. Kg2 Nxf2 25. Bxf2 Qxd6 26. c4 Rae8 27. Nc3 Bh6 28.
Ra2 Bc8 29. Bf3 Nf6 30. Ne4 Nxe4 31. Bxe4 Bf5 32. a6 Rf7 33. Rae2 Bg4 34. Rc2
Ref8 35. Kg1 Kg7 36. Be3 Bxe3+ 37. Qxe3 Re8 38. Rf2 Rxf2 39. Qxf2 Rf8 40. Qb2
Bf5 41. Bg2 Re8 42. Re2 h5 43. Be4 Bh3 44. Qc3 Rf8 1-0

[Event "Valencia tch - Division de Honor"]
[Site "Comunidad Valenciana"]
[Date "2009.02.07"]
[Round "5.4"]
[White "Garzon Roger, Jose Antonio"]
[Black "Salvador Lopez, Daniel"]
[Result "1-0"]
[WhiteElo "2120"]
[BlackElo "2162"]
[PlyCount "51"]
[EventDate "2009.01.10"]
[EventType "team"]
[EventRounds "9"]
[EventCountry "ESP"]
[Source "lmi"]
[SourceDate "2009.01.10"]
[WhiteTeam "Gambito"]
[BlackTeam "Eva Manises"]

1. e4 d5 2. exd5 Qxd5 3. Nf3 Bg4 4. Be2 Nc6 5. O-O Nf6 6. h3 Bh5 7. c4 Qd7 8.
d4 Bxf3 9. Bxf3 O-O-O 10. Qb3 e6 11. Be3 Na5 12. Qc3 Nc6 13. Rd1 Ne7 14. Na3
Nf5 15. Qb3 c6 16. d5 exd5 17. Bxa7 Nh4 18. cxd5 Nxf3+ 19. Qxf3 Nxd5 20. Nc4
Qe6 21. Rac1 Kc7 22. Nb6 Nf6 23. Rxd8 Kxd8 24. Rd1+ Kc7 25. Na8+ Kc8 26. Qf4
1-0

[Event "Valencia tch - Division de Honor"]
[Site "Comunidad Valenciana"]
[Date "2009.02.07"]
[Round "5.5"]
[White "Andres Julia, Vicente Ramon"]
[Black "Simon Sanchez, Rafael"]
[Result "1-0"]
[WhiteElo "2102"]
[BlackElo "2076"]
[PlyCount "71"]
[EventDate "2009.01.10"]
[EventType "team"]
[EventRounds "9"]
[EventCountry "ESP"]
[Source "lmi"]
[SourceDate "2009.01.10"]
[WhiteTeam "Eva Manises"]
[BlackTeam "Gambito"]

1. e4 d6 2. Nc3 c6 3. d4 e5 4. Nf3 Bg4 5. dxe5 Bxf3 6. Qxf3 dxe5 7. Bc4 Qf6 8.
Qg3 Nd7 9. O-O Qg6 10. Qxg6 hxg6 11. Be3 Bc5 12. Bxc5 Nxc5 13. a4 f5 14. exf5
gxf5 15. Rfe1 Nd7 16. Be6 Nh6 17. Bxd7+ Kxd7 18. Rxe5 Rae8 19. Rd1+ Kc7 20.
Rxe8 Rxe8 21. Kf1 Re7 22. h3 Nf7 23. Ne2 Nd6 24. Nd4 g6 25. b3 Re5 26. f3 Re3
27. Kf2 f4 28. g3 c5 29. Ne2 Kc6 30. Nxf4 Rc3 31. Rd2 Nf5 32. Ne2 Re3 33. g4
Re5 34. gxf5 Rxf5 35. Ng3 Rf4 36. Ne4 1-0

[Event "Valencia tch - Division de Honor"]
[Site "Comunidad Valenciana"]
[Date "2009.02.07"]
[Round "5.6"]
[White "Morenilla Rocher, Carlos"]
[Black "Angullo Gil, Jose"]
[Result "0-1"]
[WhiteElo "2000"]
[BlackElo "2151"]
[PlyCount "74"]
[EventDate "2009.01.10"]
[EventType "team"]
[EventRounds "9"]
[EventCountry "ESP"]
[Source "lmi"]
[SourceDate "2009.01.10"]
[WhiteTeam "Gambito"]
[BlackTeam "Eva Manises"]

1. e4 c5 2. Nf3 g6 3. d4 cxd4 4. Nxd4 Nc6 5. Nxc6 bxc6 6. Be3 Nf6 7. Bd3 Bg7 8.
c3 O-O 9. O-O d5 10. exd5 cxd5 11. h3 e5 12. Qc1 Re8 13. Nd2 Bb7 14. Nb3 Qc7
15. Qc2 Nd7 16. Rad1 Bc6 17. Be2 Rad8 18. f4 Bh6 19. g3 a5 20. Bf3 a4 21. Na1
Nb6 22. Bxb6 Qxb6+ 23. Qf2 Qxf2+ 24. Kxf2 e4 25. Be2 Rb8 26. b3 Bg7 27. Rc1
Rec8 28. Rfd1 Ba8 29. bxa4 Rb2 30. Rc2 Bxc3 31. Bb5 d4 32. Kf1 d3 33. Rxb2 Bxb2
34. Nb3 Rc2 35. Rd2 Bd5 36. Bxd3 exd3 37. Rxd3 Bc4 0-1

[Event "Valencia tch - Division de Honor"]
[Site "Comunidad Valenciana"]
[Date "2009.02.07"]
[Round "5.8"]
[White "Ferri Morant, Jose Angel"]
[Black "Arance Gonzalez, Luis"]
[Result "0-1"]
[WhiteElo "2001"]
[BlackElo "2109"]
[PlyCount "122"]
[EventDate "2009.01.10"]
[EventType "team"]
[EventRounds "9"]
[EventCountry "ESP"]
[Source "lmi"]
[SourceDate "2009.01.10"]
[WhiteTeam "Gambito"]
[BlackTeam "Eva Manises"]

1. e4 d5 2. exd5 Qxd5 3. d4 Nf6 4. Nc3 Qa5 5. Nf3 Bg4 6. h3 Bh5 7. Be2 Nc6 8.
O-O O-O-O 9. Be3 e5 10. Nxe5 Bxe2 11. Nxc6 Bxd1 12. Nxa5 Bxc2 13. Rac1 Bd3 14.
Rfd1 Ba6 15. a3 Nd5 16. b4 Nxc3 17. Rxc3 Bb5 18. Bf4 Bd6 19. Bxd6 Rxd6 20. Nc4
Bxc4 21. Rxc4 Rhd8 22. b5 a6 23. a4 axb5 24. axb5 Rd5 25. Rdc1 R8d7 26. b6 c6
27. Ra4 Kd8 28. Re1 Re7 29. Ra8+ Kd7 30. Rxe7+ Kxe7 31. Rb8 Rd7 32. Kf1 Kd6 33.
Ke2 c5 34. Rc8 cxd4 35. Kd3 Ke6 36. f4 Rd6 37. Rc4 Rxb6 38. Kxd4 Rb3 39. Rc7 h5
40. h4 g6 41. Ke4 f6 42. Rg7 Rb4+ 43. Kf3 Kf5 44. g3 Rb3+ 45. Kf2 b5 46. Rb7 b4
47. Rb5+ Ke4 48. Rb6 Rb2+ 49. Ke1 b3 50. Kd1 Kf5 51. Kc1 Rc2+ 52. Kb1 Rc3 53.
Rb5+ Kg4 54. Rb6 Rxg3 55. Rxf6 Kxh4 56. f5 g5 57. Rb6 Rf3 58. f6 g4 59. Kb2 g3
60. Rxb3 Rxf6 61. Kc2 g2 0-1